000 00295nam a22001217a 4500
008 170619b xxu||||| |||| 00| 0 eng d
041 _aeng
080 _a338
100 _a20
101 _aSHP
245 _aPOLITICS AND ECONOMIC CHANGE IN L;ATIN AMERICA
_cANDERSON.CH.W
942 _2udc
_cBK
999 _c18036
_d18036